Essais sur quelques problemes economics et monetaires / (Record no. 127542)

MARC details
000 -LEADER
campo de control de longitud fija 00446nam a2200157 4500
001 - NÚMERO DE CONTROL
campo de control 127542
003 - IDENTIFICADOR DE NÚMERO DE CONTROL
campo de control ES-MaACL
005 - FECHA Y HORA DE LA ÚLTIMA TRANSACCIÓN
campo de control 20230906193031.0
007 - CAMPO FIJO DE DESCRIPCIÓN FÍSICA--INFORMACIÓN GENERAL
campo de control de longitud fija t|
008 - DATOS DE LONGITUD FIJA--INFORMACIÓN GENERAL
campo de control de longitud fija 070214s1933 fr r ||||1| fre d
100 1# - ENTRADA PRINCIPAL--NOMBRE DE PERSONA
Nombre de persona Rist, Charles.
9 (RLIN) 97471
245 10 - MENCIÓN DEL TÍTULO
Título Essais sur quelques problemes economics et monetaires /
Mención de responsabilidad, etc. Charles Rist.
260 ## - PUBLICACIÓN, DISTRIBUCIÓN, ETC.
Lugar de publicación, distribución, etc. Paris :
Nombre del editor, distribuidor, etc. Recueil Sirey,
Fecha de publicación, distribución, etc. 1933.
300 ## - DESCRIPCIÓN FÍSICA
Extensión XVI, 501 p. ;
Dimensiones 25 x 16 cm.
852 ## - LOCALIZACIÓN
Ubicación ES-MaACL
Número de control de estantería A-3402
Holdings
Estatus retirado Estado de pérdida Estado de daño No para préstamo Biblioteca de origen Biblioteca actual Ubicación en estantería Fecha de adquisición Fuente de adquisición Total de préstamos Signatura topográfica completa Código de barras Visto por última vez Precio de reemplazo Tipo de ítem Koha
        Biblioteca del Ateneo de Madrid Biblioteca del Ateneo de Madrid Sala Pecera Planta 1 17/01/2008     A-3402 1132841 23/02/2023 23/02/2023 Libro impreso